| 000 | 00592nam a2200205Ia 4500 | ||
|---|---|---|---|
| 008 | 221202s9999 xx 000 0 und d | ||
| 020 | _a97895000010788 | ||
| 040 |
_aAR-BeUNQ _bspa _eaacr |
||
| 100 | _aVecino Dri, Leandro | ||
| 245 | 0 |
_aPrácticas del Lenguaje _bMódulo 3 |
|
| 250 | _a1a ed. | ||
| 260 |
_aCiudad Autónoma de Buenos Aires _bMinisterio de Educación de la Nación _c2015 |
||
| 300 |
_a164 p: _bil. ; _c21 x 29 cm |
||
| 490 | _aFINES | ||
| 521 | _ajuvenil y adultos | ||
| 546 | _aEspañol | ||
| 653 | _aEnseñanza Media | ||
| 929 |
_bUNQ _e2019 _aDONACION |
||
| 942 |
_cLIB _n0 |
||
| 999 |
_c375 _d375 |
||